Observation de bébés et recherche médicale (notice n° 1642896)
[ vue normale ]
| 000 -LEADER | |
|---|---|
| fixed length control field | 01114cam a2200205 4500500 |
| 005 - DATE AND TIME OF LATEST TRANSACTION | |
| control field | 20260201143846.0 |
| 041 ## - LANGUAGE CODE | |
| Language code of text/sound track or separate title | fre |
| 042 ## - AUTHENTICATION CODE | |
| Authentication code | dc |
| 100 10 - MAIN ENTRY--PERSONAL NAME | |
| Personal name | Pourrinet, Jeanne |
| Relator term | author |
| 245 00 - TITLE STATEMENT | |
| Title | Observation de bébés et recherche médicale |
| 260 ## - PUBLICATION, DISTRIBUTION, ETC. | |
| Date of publication, distribution, etc. | 2018.<br/> |
| 500 ## - GENERAL NOTE | |
| General note | 75 |
| 520 ## - SUMMARY, ETC. | |
| Summary, etc. | L’article porte sur l’observation de bébés de moins de 6 mois, dans le cadre d’une recherche, à Toulouse, au Centre national de référence du syndrome Prader-Willi. La recherche porte sur l’action de l’ocytocine dans l’hypotonie majeure et la difficulté de succion et déglutition de ce syndrome. L’observation se concentre sur les interrelations des parents avec leur bébé au cours de ces dix jours d’hospitalisation, la reprise et la transmission de ce travail avec l’équipe hospitalière concernée. |
| 690 ## - LOCAL SUBJECT ADDED ENTRY--TOPICAL TERM (OCLC, RLIN) | |
| Topical term or geographic name as entry element | interrelations |
| 690 ## - LOCAL SUBJECT ADDED ENTRY--TOPICAL TERM (OCLC, RLIN) | |
| Topical term or geographic name as entry element | observation participante |
| 690 ## - LOCAL SUBJECT ADDED ENTRY--TOPICAL TERM (OCLC, RLIN) | |
| Topical term or geographic name as entry element | Prader-Willi |
| 690 ## - LOCAL SUBJECT ADDED ENTRY--TOPICAL TERM (OCLC, RLIN) | |
| Topical term or geographic name as entry element | Toulouse |
| 786 0# - DATA SOURCE ENTRY | |
| Note | Empan | 111 | 3 | 2018-08-31 | p. 62-68 | 1152-3336 |
| 856 41 - ELECTRONIC LOCATION AND ACCESS | |
| Uniform Resource Identifier | <a href="https://shs.cairn.info/revue-empan-2018-3-page-62?lang=fr&redirect-ssocas=7080">https://shs.cairn.info/revue-empan-2018-3-page-62?lang=fr&redirect-ssocas=7080</a> |
Pas d'exemplaire disponible.




Réseaux sociaux